| 000 | 00807nam a22002177a 4500 | ||
|---|---|---|---|
| 999 |
_c20523 _d20523 |
||
| 005 | 20191028081420.0 | ||
| 008 | 191028b xxu||||| |||| 00| 0 spa d | ||
| 040 |
_aCO-BoIAVH _cCO-BoIAVH |
||
| 041 | _aspa | ||
| 041 | _aeng | ||
| 044 | _ack | ||
| 100 | _aTabet del Río, Salma | ||
| 245 | _aA promise to the sea. | ||
| 246 | _aUna promesa al mar. | ||
| 260 |
_aSan Andrés y Providencia: _bCorporación para el Desarrollo Sostenible del Archipiélago de San Andrés, providencia y Santa Catalina; _bReserva de Biosfera Seaflower, _cs.f. |
||
| 300 |
_a43 Páginas: _bilustraciones, _c20 x 20 cm. |
||
| 650 | 0 | _aBiodiversidad marina | |
| 650 | 0 |
_aEducación Ambiental _zSan Andrés (Archipiélago, Colombia) |
|
| 650 | 0 | _aConservación de ecosistemas | |
| 942 |
_2ddc _cFolleto |
||